Pensar malvinas /

Guardado en:
Otros Autores: Flachsland, Cecilia, coord.
Formato: Libro
Publicado: Buenos Aires : Ministerio de Educación, 2014
Materias:
Etiquetas: Agregar Etiqueta
Sin Etiquetas, Sea el primero en etiquetar este registro!
LEADER 01037nam a22002175a 4500
001 CEM.cems014821
005 20171214102457.0
008 130507s2014##################000#0#####d
003 CEMS
020 |a 9789500010092 
082 0 4 |a 327.82 
245 0 0 |a Pensar malvinas /  |c Coordinado Por Cecilia Flachsland 
260 |a Buenos Aires :  |b Ministerio de Educación,  |c 2014 
300 |a 248 p. 
500 |a Programa Educación y memoria.selección de fuentes documentales, testimoniales, ficcionales y fotográficas para trabajar en el aula 
505 0 |a La soberanía. ¿Por qué las malvinas son argentias? Los argumentos históricos, jurídicos y geográficos -- Malvinas en la historia Nacional -- 1982: La guerra -- Memorias de la guerra -- Representaciones -- Los trabajos de los IFD: la voz de los estudiantes 
653 |a Malvinas-guerra de 
653 |a Guerra de malvinas 
653 |a Guerra de malvinas-fuentes documentales 
700 1 |a Flachsland, Cecilia, coord. 
859 |a CEMS  |b BIB. CEMS - 11 de abril  |h 327.82  |i P418-1  |p 27407.18  |t Ej.1